Gala 8 OT2025 - Estadísticas

Estadísticas generales
  • Esta prueba ha sido intentada 36 veces
  • La puntuación promedio es 6 de 9
Estadísticas de respuestas
Imagen Hint Respuesta % Correcto
Cristina Garganta con arena
90%
Guille Toledano Como camarón
84%
María Cruz Envidia
84%
Lucía Casani y Guillo Rist Sexo en la playa
81%
Olivia y Tinho Cheek to cheek
77%
Claudia Arenas Kiss me
74%
Grupal Que nada nos pare
65%
Crespo Me has invitado a bailar
48%
Téyou Baby, I love you way
3%
No se encontraron pruebas coincidentes
Distribución de puntuación
Porcentaje de gente con cada puntuación
Porcentaje por número respondido
Historial de tus puntuaciones
No has intentado esta prueba.